Länder A-Z nach Nachbarn - Statistiken

Allgemein
  • Dieses Quiz wurde 144 mal gespielt
  • Das Durchschnittsergebnis liegt bei 20 aus 22
Antwortstatistiken
Buchstabe Nachbarland Antwort % Korrekt
B Niederlande Belgien
100%
J Oman Jemen
100%
C Bolivien Chile
99%
F Russland Finnland
98%
Z (Türkei) Zypern
98%
H Dominikanische Republik Haiti
96%
P Litauen Polen
96%
U Kenia Uganda
96%
A Namibia Angola
95%
I Slowenien Italien
94%
N Costa Rica Nicaragua
93%
R Tansania Ruanda
92%
V Kambodscha Vietnam
90%
L China Laos
89%
E Honduras El Salvador
88%
G Surinam Guyana
88%
D Äthiopien Dschibuti
84%
O Indonesien Osttimor
84%
T Burkina Faso Togo
80%
M Brunei Malaysia
79%
K Tadschikistan Kirgistan
68%
S Uganda Südsudan
67%
Keine übereinstimmenden Quizze gefunden
Verteilung der Resultate
Anzahl Personen mit jedem Resultat
Perzentil nach korrekt beantworteten Fragen
Ihre Resultats-Entwicklung
Sie haben dieses Quiz noch nicht gespielt